[Event "Druzynowe Mistrzostwa Polski Juniorow - II Liga"]
[Site "Iwonicz"]
[Date "2016-07-31"]
[Round "2.23"]
[White "Wilant, Marta"]
[Black "Kozaczynska, Aleksandra"]
[Result "0-1"]
[WhiteTitle "II"]
[BlackTitle "I++"]
[WhiteElo "1306"]
[BlackElo "1683"]

1. d4 Nf6 2. Nf3 g6 3. g3 Bg7 4. Bg2 O-O 5. O-O d6 6. Nbd2 Nbd7 7. c4 e5 8. dxe5
dxe5 9. Qc2 Qe7 10. Ng5 Nh5 11. Nh3 c6 12. e4 a5 13. Nb1 Nc5 14. Be3 Be6 15. b3
h6 16. Nc3 Na6 17. Na4 f5 18. Bb6 f4 19. Qe2 f3 20. Bxf3 Bxh3 21. Rfd1 Qg5 22.
Bxh5 gxh5 23. Rd6 Bg4 24. Qe1 h4 25. Bxa5 hxg3 26. fxg3 Qh5 27. Qd2 Bf3 28. Nb6
Rae8 29. Re1 Rf7 30. Nd7 Qg4 31. Bc3 Bxe4 32. Qe3 Rxd7 33. Rxd7 Qxd7 34. Qxe4
Nc5 35. Qe3 Qd3 36. Qxd3 Nxd3 37. Rd1 e4 38. Bxg7 Kxg7 39. Kf1 Rf8+ 40. Ke2 Rf3
41. Rf1 Rxf1 42. Kxf1 Nc1 0-1

[Event "Druzynowe Mistrzostwa Polski Juniorow - II Liga"]
[Site "Iwonicz"]
[Date "2016-07-31"]
[Round "2.24"]
[White "Zyznowska, Marianna"]
[Black "Raczykowska, Paulina"]
[Result "0-1"]
[WhiteTitle "II+"]
[BlackTitle "I+"]
[WhiteElo "1122"]
[BlackElo "1679"]

1. d4 d5 2. Nf3 e6 3. e3 Nf6 4. b3 Bd6 5. Bd3 Nbd7 6. Bb2 c5 7. Ne5 O-O 8. O-O
Qc7 9. f4 Ne4 10. Nxd7 Bxd7 11. Qf3 Bc6 12. Bxe4 dxe4 13. Qg3 f6 14. h4 Qf7 15.
Nd2 b5 16. a4 a6 17. dxc5 Bxc5 18. axb5 axb5 19. Rxa8 Rxa8 20. c4 b4 21. h5 Ra2
22. Bc1 Qxh5 23. Re1 Qf7 24. f5 exf5 25. Qb8+ Qe8 26. Qf4 Qe5 27. Qf1 f4 28. Nb1
f3 29. Rd1 Rxg2+ 30. Qxg2 fxg2 31. Kxg2 Bd6 32. Kf2 Qh2+ 33. Ke1 Qg1+ 34. Ke2
Qg2+ 35. Ke1 Bg3# 0-1

[Event "Druzynowe Mistrzostwa Polski Juniorow - II Liga"]
[Site "Iwonicz"]
[Date "2016-07-31"]
[Round "2.25"]
[White "Golenia, Wojciech"]
[Black "Domanski, Lukasz"]
[Result "1/2-1/2"]
[WhiteTitle "I+"]
[BlackTitle "I++"]
[WhiteElo "1967"]
[BlackElo "2001"]

1. e4 c5 2. Nc3 a6 3. g3 b5 4. Bg2 Bb7 5. d3 e6 6. Nh3 Be7 7. O-O Qc7 8. Nf4 d6
9. Nh5 g6 10. Nf4 Nf6 11. Bd2 Nbd7 12. a3 O-O 13. Qe2 Rfc8 14. b3 b4 15. Nd1 a5
16. Ne3 Nb6 17. a4 d5 18. e5 Nfd7 19. Ng4 Kg7 20. Rfe1 h5 21. Nh6 Rh8 22. Nxh5+
gxh5 23. Qxh5 Raf8 24. Qg4+ Kh7 25. Qh5 Kg7 26. Qg4+ Kh7 27. Qh5 1/2-1/2

[Event "Druzynowe Mistrzostwa Polski Juniorow - II Liga"]
[Site "Iwonicz"]
[Date "2016-07-31"]
[Round "2.26"]
[White "Norek, Bartosz"]
[Black "Golenia, Jan"]
[Result "1/2-1/2"]
[WhiteTitle "II+"]
[BlackTitle "I"]
[WhiteElo "1686"]
[BlackElo "1860"]

1. e4 e5 2. Nf3 Nc6 3. Bb5 a6 4. Ba4 Nf6 5. O-O Bc5 6. c3 b5 7. Bc2 d5 8. d4 dxe4
9. Nbd2 exf3 10. Qxf3 Bb6 11. Qxc6+ Bd7 12. Qf3 exd4 13. Ne4 Nxe4 14. Qxe4+ Be6
15. Re1 Rb8 16. Bf4 Qd7 17. Be5 f5 18. Qd3 O-O 19. Bxd4 Bc4 20. Qe3 Rbe8 21. Qf4
Bxd4 22. cxd4 g6 23. b3 Bd5 24. f3 Qc6 25. Qd2 Qd6 26. Qc3 Rd8 27. Re5 Rd7 28.
b4 Bf7 29. Rd1 Rfd8 30. Rc5 Bxa2 31. d5 Qe7 32. Bb3 Bxb3 33. Qxb3 Rd6 34. Qc3
R8d7 35. Re1 Qf7 36. Re5 h5 37. f4 Kh7 38. Qf3 Qf8 39. g3 Qf7 40. Kg2 Qf8 41.
h3 Rb6 42. Qc3 Qf7 43. Kf3 Rbd6 44. Qb3 c6 45. Qc3 Rxd5 46. Rexd5 cxd5 47. Qd4
Qe6 48. Qe5 Qf7 49. Qd4 Qe6 50. Qe5 Qf7 51. Qd4 Qg7 52. Ke3 Re7+ 53. Kd3 Re4 54.
Qxd5 Rxb4 55. Qd6 Rb3+ 56. Kd2 Rb4 57. Kd3 Rb3+ 58. Kd2 Rb4 59. Kd3 1/2-1/2

[Event "Druzynowe Mistrzostwa Polski Juniorow - II Liga"]
[Site "Iwonicz"]
[Date "2016-07-31"]
[Round "2.27"]
[White "Gawor, Jan Pawel"]
[Black "Norek, Maciej"]
[Result "1-0"]
[WhiteTitle "II"]
[BlackTitle "II"]
[WhiteElo "1647"]
[BlackElo "1200"]

1. e4 c5 2. d4 cxd4 3. c3 dxc3 4. Nxc3 Nc6 5. Nf3 d6 6. Bc4 e6 7. O-O Be7 8. Qe2
Nf6 9. Rd1 e5 10. h3 O-O 11. Be3 h6 12. Rac1 Be6 13. Bb5 a6 14. Bxc6 bxc6 15.
Nxe5 Qe8 16. Nc4 d5 17. Nb6 Rd8 18. exd5 Nxd5 19. Ncxd5 cxd5 20. Qxa6 f5 21. Bf4
g5 22. Bc7 f4 23. Bxd8 Qxd8 24. Rc6 Rf6 25. Nc8 Kf7 26. Nxe7 Qxe7 27. Re1 d4 28.
Rcxe6 Rxe6 29. Qxe6+ Qxe6 30. Rxe6 Kxe6 31. Kf1 Kd5 32. Ke2 Kc4 33. Kd2 h5 34.
a4 Kb4 35. b3 Kc5 36. Kd3 1-0

[Event "Druzynowe Mistrzostwa Polski Juniorow - II Liga"]
[Site "Iwonicz"]
[Date "2016-07-31"]
[Round "2.28"]
[White "Wielgus, Wojciech"]
[Black "Krawczyk, Wojciech"]
[Result "0-1"]
[WhiteTitle "II"]
[BlackTitle "II+"]
[WhiteElo "1118"]
[BlackElo "1476"]

1. e4 c5 2. Nf3 Nc6 3. Bb5 g6 4. Bxc6 bxc6 5. c4 Bg7 6. Nc3 e6 7. e5 Qc7 8. Qe2
f6 9. exf6 Nxf6 10. b3 O-O 11. Bb2 d6 12. O-O e5 13. h3 Nh5 14. Ne4 Nf4 15. Qe3
Bh6 16. Kh2 Bg7 17. Kg1 Bf5 18. Rfe1 Rad8 19. Rac1 Bh6 20. Qc3 Bxe4 21. Rxe4 Qf7
22. Rce1 Nxh3+ 23. gxh3 Qxf3 24. Qxf3 Rxf3 25. Kg2 Rdf8 26. R4e2 R8f7 27. Bc3
Rd3 28. Ba5 Kf8 29. h4 Rf4 30. Rh1 Rg4+ 31. Kf1 Ke7 32. Ke1 Rf3 33. Kd1 Kd7 34.
Kc1 Rg2 35. Rf1 Rh2 36. Kb2 Rxh4 37. Ka3 Rfh3 38. Ka4 Rh1 39. Rxh1 Rxh1 40. Bc3
Bf4 41. Ka5 h5 42. Ka6 h4 43. f3 h3 44. Kxa7 h2 45. Ka6 Rf1 46. Rxh2 Bxh2 47.
Ka5 Rxf3 48. Ka4 g5 49. Ka3 g4 50. d3 g3 51. Ka4 Rf2 52. a3 g2 53. Ka5 g1=Q 54.
Ka4 Qg8 55. d4 exd4 56. b4 dxc3 57. bxc5 Rb2 0-1

[Event "Druzynowe Mistrzostwa Polski Juniorow - II Liga"]
[Site "Iwonicz"]
[Date "2016-07-31"]
[Round "2.29"]
[White "Debowska, Michalina"]
[Black "Hryn, Zofia"]
[Result "1-0"]
[WhiteTitle "II+"]
[BlackTitle "I"]
[WhiteElo "1432"]
[BlackElo "1531"]

1. e4 c5 2. Nf3 e6 3. d4 cxd4 4. Nxd4 Nc6 5. Nc3 Qc7 6. Ndb5 Qb8 7. Be2 Nf6 8.
Bg5 Be7 9. f4 a6 10. Nd4 h6 11. Bxf6 Bxf6 12. e5 Bh4+ 13. g3 Be7 14. Qd2 b5 15.
Nxc6 dxc6 16. Bf3 Qc7 17. Qg2 Bb7 18. O-O-O Rb8 19. Ne4 c5 20. Nd6+ Bxd6 21. exd6
Qd7 22. Bxb7 Rxb7 23. f5 O-O 24. Rhe1 Rb6 25. fxe6 fxe6 26. Qe4 Rxd6 27. Rxd6
Qxd6 28. Qxe6+ Qxe6 29. Rxe6 Rf1+ 30. Kd2 Rf2+ 31. Re2 Rxe2+ 32. Kxe2 Kf7 33.
Kf3 Ke6 34. Ke4 g6 35. g4 g5 36. c3 a5 37. b3 Kd6 38. c4 Kc6 39. Ke5 a4 40. Ke6
b4 41. h3 Kc7 42. Kd5 Kb6 43. Kd6 a3 44. Kd5 1-0

[Event "Druzynowe Mistrzostwa Polski Juniorow - II Liga"]
[Site "Iwonicz"]
[Date "2016-07-31"]
[Round "2.30"]
[White "Hryn, Aleksandra"]
[Black "Budkiewicz, Magdalena"]
[Result "0-1"]
[WhiteTitle "I"]
[BlackTitle "I"]
[WhiteElo "1471"]
[BlackElo "1651"]

1. e4 c5 2. Nf3 d6 3. d4 cxd4 4. Nxd4 Nf6 5. Nc3 a6 6. h3 g6 7. g4 Bg7 8. Bg2 Qc7
9. O-O O-O 10. Be3 Nc6 11. Re1 Ne5 12. Kh1 Nc4 13. Rb1 Nxe3 14. Rxe3 e5 15. Nb3
Be6 16. Re1 Rfd8 17. Qd2 Rac8 18. Rbd1 b5 19. a3 Qb6 20. Nd5 Nxd5 21. exd5 Bd7
22. c3 Rc4 23. f3 a5 24. Re4 Rdc8 25. Bf1 Rxe4 26. fxe4 b4 27. axb4 Ba4 28. Nxa5
Bxd1 29. Qxd1 Qf2 30. Qe2 Qf4 31. Kg2 f5 32. exf5 gxf5 33. Nc6 Qg5 34. Kh1 Rf8
35. gxf5 Rxf5 36. Qg2 Qf6 37. Bd3 Rg5 38. Qe4 Qf2 39. Ne7+ Kf8 40. Qf5+ Rxf5 41.
Nxf5 Qf3+ 0-1

[Event "Druzynowe Mistrzostwa Polski Juniorow - II Liga"]
[Site "Iwonicz"]
[Date "2016-07-31"]
[Round "2.31"]
[White "Pyka, Slawomir"]
[Black "Klementowski, Dawid"]
[Result "1/2-1/2"]
[WhiteTitle "I"]
[BlackTitle "I"]
[WhiteElo "1620"]
[BlackElo "2000"]

1. d4 Nf6 2. Nf3 e6 3. Bg5 h6 4. Bh4 b6 5. e3 Bb7 6. Bd3 Bb4+ 7. c3 Be7 8. Nbd2
d5 9. O-O Nbd7 10. Qc2 c5 11. Bxf6 Nxf6 12. Ne5 O-O 13. Rae1 Nd7 14. f4 f5 15.
Ndf3 Bf6 16. Ng6 Rf7 17. Qf2 Kh7 18. Qg3 Nf8 19. Nfe5 Rc7 20. Nxf8+ Qxf8 21. Qg6+
Kg8 22. g4 Bc6 23. gxf5 Be8 24. Qg4 h5 25. Qh3 exf5 26. Qxf5 g6 27. Qe6+ Kg7 28.
Re2 Bf7 29. Nxf7 Qxf7 30. Qxf7+ Kxf7 31. Rg2 Rg8 32. Rf3 Rc6 33. Kf1 Rg7 34. e4
dxe4 35. Bxe4 Rd6 36. dxc5 bxc5 37. Rd3 Rxd3 38. Bxd3 g5 39. f5 Be5 40. Re2 Kf6
41. h3 Rd7 42. Bc2 Rd6 43. Kf2 Rb6 44. Be4 Rd6 45. Kf3 Rd1 46. Kg2 Rd6 47. b4
c4 48. Rc2 Rd1 49. Kf2 Bf4 50. Ke2 Rg1 51. Bd5 Kxf5 52. Bxc4 Rg2+ 53. Kd1 Rg1+
54. Ke2 Rg2+ 55. Kd3 Rg3+ 56. Kd4 Rxh3 1/2-1/2

[Event "Druzynowe Mistrzostwa Polski Juniorow - II Liga"]
[Site "Iwonicz"]
[Date "2016-07-31"]
[Round "2.33"]
[White "Gozdzicki, Maciej"]
[Black "Grochol, Kamil"]
[Result "1/2-1/2"]
[WhiteTitle "II"]
[BlackTitle "II+"]
[WhiteElo "1514"]
[BlackElo "1648"]

1. d4 d5 2. Nf3 Nf6 3. g3 e6 4. Bg2 Be7 5. O-O O-O 6. c3 c5 7. Re1 Nc6 8. Qc2 Ne4
9. Nbd2 f5 10. Ne5 Nxd2 11. Bxd2 Qb6 12. Nxc6 bxc6 13. Be3 Rb8 14. b3 a5 15. f4
Ba6 16. dxc5 Bxc5 17. Bxc5 Qxc5+ 18. e3 Rfc8 19. Qd2 Kf7 20. Qd4 Qb6 21. Qxb6
Rxb6 22. Bf1 a4 23. bxa4 Bxf1 24. Kxf1 Rb2 25. Re2 Rb7 26. Rc1 Ra8 27. Rcc2 Rxa4
28. Rb2 Rba7 29. Rec2 Kf6 30. Ke2 e5 31. Kd3 e4+ 32. Kd2 Ke6 33. Ke2 Kd6 34. Kd2
Kc5 35. Ke2 R4a5 36. Kd2 Rb5 37. Rxb5+ Kxb5 38. Rb2+ Kc4 39. Rb4+ Kc5 40. Rb2
Ra5 41. Kc1 Kc4 42. Kd2 c5 43. h3 Ra6 44. g4 Rh6 45. Rb7 Rxh3 46. Rxg7 Rh2+ 47.
Ke1 Rxa2 48. gxf5 Kd3 49. f6 Ra6 50. f7 Rf6 51. Rxh7 Kxe3 52. Rh5 d4 53. Rxc5
Rxf7 54. cxd4 Kxd4 55. Ra5 Rxf4 56. Ke2 Rh4 57. Ra4+ Ke5 58. Ra3 Rh2+ 59. Ke1
Kf4 60. Kf1 e3 61. Kg1 Rh8 62. Ra4+ Kf3 63. Ra3 Rg8+ 64. Kf1 Rc8 65. Ra1 1/2-1/2

[Event "Druzynowe Mistrzostwa Polski Juniorow - II Liga"]
[Site "Iwonicz"]
[Date "2016-07-31"]
[Round "2.34"]
[White "Oles, Martin"]
[Black "Majdanski, Maksymilian"]
[Result "1-0"]
[WhiteTitle "II"]
[BlackTitle "II"]
[WhiteElo "1485"]
[BlackElo "1515"]

1. e4 e5 2. Nf3 Nc6 3. Bc4 Bc5 4. O-O Nf6 5. d4 Bxd4 6. Nxd4 Nxd4 7. f4 Nc6 8.
Bxf7+ Ke7 9. Bd5 d6 10. fxe5 Nxe5 11. Bg5 c6 12. Bb3 Be6 13. Bxe6 Kxe6 14. Bxf6
gxf6 15. Qh5 Nd7 16. Nc3 Qb6+ 17. Kh1 Qxb2 18. Qg4+ Ke7 19. Qg7+ Ke6 20. Ne2 d5
21. exd5+ cxd5 22. Nf4+ Kd6 23. Nxd5 Rag8 24. Qe7+ Kc6 25. Qe6+ Kc5 26. Qxd7 Rxg2
27. Qe7+ Kxd5 28. Rad1+ Kc4 29. Qc7+ 1-0

[Event "Druzynowe Mistrzostwa Polski Juniorow - II Liga"]
[Site "Iwonicz"]
[Date "2016-07-31"]
[Round "2.35"]
[White "Krzywnicka, Maria"]
[Black "Kucharska, Honorata"]
[Result "1/2-1/2"]
[WhiteTitle "I+"]
[BlackTitle "k"]
[WhiteElo "1685"]
[BlackElo "1855"]

1. e4 e6 2. d4 d5 3. Nd2 Nf6 4. e5 Nfd7 5. Bd3 c5 6. c3 Nc6 7. Ne2 cxd4 8. cxd4
Qb6 9. Nf3 f6 10. exf6 Nxf6 11. O-O Bd6 12. a3 O-O 13. b4 a6 14. Bf4 Bxf4 15.
Nxf4 Bd7 16. Ne2 Rae8 17. Rb1 Qc7 18. b5 axb5 19. Bxb5 Ng4 20. Ng3 Qd6 21. h3
Nh6 22. a4 Nf7 23. Qd2 e5 24. dxe5 Nfxe5 25. Nxe5 Rxe5 26. Bd3 Nd8 27. Bc2 Bc6
28. Qd3 g6 29. Ne2 Ne6 30. Qd2 Ng7 31. Nd4 Ree8 32. Bd3 Ne6 33. Nxe6 Rxe6 34.
Kh1 Ref6 35. Bb5 Rf5 36. Rb3 Qc5 37. f3 1/2-1/2

[Event "Druzynowe Mistrzostwa Polski Juniorow - II Liga"]
[Site "Iwonicz"]
[Date "2016-07-31"]
[Round "2.36"]
[White "Cieslak, Jessica"]
[Black "Partyka, Justyna"]
[Result "1/2-1/2"]
[WhiteTitle "II"]
[BlackTitle "II"]
[WhiteElo "1189"]
[BlackElo "1150"]

1. e4 e6 2. d4 d5 3. Nc3 Bb4 4. Bd3 c5 5. exd5 cxd4 6. Bb5+ Bd7 7. Bxd7+ Qxd7 8.
Qxd4 Bxc3+ 9. Qxc3 Nf6 10. dxe6 Qxe6+ 11. Be3 O-O 12. Nf3 Nd5 13. Qd3 Nxe3 14.
Qxe3 Qxe3+ 15. fxe3 Re8 16. Kf2 Nc6 17. Nd4 Ne5 18. h3 Nc4 19. Nb5 Re7 20. b3
Nxe3 21. Rae1 a6 22. Nd6 Rd7 23. Nxb7 Nxg2 24. Kxg2 Rxb7 25. Rc1 Rd8 26. Rhe1
g6 27. Re2 Rbd7 28. Kf3 f5 29. c4 Rd3+ 30. Kg2 f4 31. Rf2 g5 32. c5 Rc8 33. c6
Kf7 34. h4 h6 35. Rc5 Ke6 36. hxg5 Rg3+ 37. Kh2 hxg5 38. Rg2 Rxg2+ 39. Kxg2 g4
40. Rg5 Rxc6 41. Rxg4 Kf5 42. Rh4 Rc2+ 43. Kf3 Rc3+ 44. Kg2 Rg3+ 45. Kf2 Kg5 46.
Rh2 Kg4 1/2-1/2

[Event "Druzynowe Mistrzostwa Polski Juniorow - II Liga"]
[Site "Iwonicz"]
[Date "2016-07-31"]
[Round "2.37"]
[White "Gajewski, Marcin"]
[Black "Adamczewski, Maciej"]
[Result "0-1"]
[WhiteTitle "II"]
[BlackTitle "I++"]
[WhiteElo "1531"]
[BlackElo "1979"]

1. Nf3 Nf6 2. b3 g6 3. Bb2 Bg7 4. e3 d6 5. d4 O-O 6. c4 c6 7. Be2 a6 8. O-O Qc7
9. Nc3 Bg4 10. Qc2 Nbd7 11. h3 Bxf3 12. Bxf3 Rfe8 13. g3 e5 14. Bg2 Rad8 15. Rad1
Nf8 16. d5 c5 17. e4 Bh6 18. Bc1 Bxc1 19. Qxc1 Kg7 20. Kh2 h6 21. f4 N8h7 22.
f5 Qe7 23. Qe3 Rh8 24. Qe2 Rdg8 25. Rd3 Kf8 26. Nd1 Ke8 27. Qd2 Ng5 28. Nc3 gxf5
29. Rxf5 Rg6 30. h4 Ng4+ 31. Kh1 Nh7 32. Bh3 Nhf6 33. Rdf3 Rh7 34. Qc1 h5 35.
Rg5 Rhg7 36. Rff5 Rxg5 37. Rxg5 Rg6 38. Rxg6 fxg6 39. Qg5 Qf7 40. Kg2 Kf8 41.
Bxg4 Nxg4 42. Qd2 Kg7 43. Qe2 Qc7 44. a4 Qa5 45. Qd3 Qb4 46. Nd1 Qe1 47. Qf3 Qxd1
48. Qxd1 Ne3+ 49. Kf2 Nxd1+ 50. Ke2 Nc3+ 0-1

[Event "Druzynowe Mistrzostwa Polski Juniorow - II Liga"]
[Site "Iwonicz"]
[Date "2016-07-31"]
[Round "2.38"]
[White "Janiszewski, Filip"]
[Black "Kucharski, Daniel"]
[Result "1-0"]
[WhiteTitle "I+"]
[BlackTitle "II"]
[WhiteElo "1996"]
[BlackElo "1328"]

1. e4 e5 2. Nf3 Nc6 3. Bb5 Nge7 4. O-O g6 5. c3 Bg7 6. d4 exd4 7. cxd4 O-O 8. h3
a6 9. Ba4 b5 10. Bc2 Bb7 11. Nc3 d6 12. Bf4 Nb4 13. Bb1 c5 14. d5 a5 15. Qd2 Qb6
16. Bh6 Rfe8 17. Bxg7 Kxg7 18. Ne2 c4 19. a4 Ba6 20. Nfd4 Rac8 21. Nf4 bxa4 22.
Nfe6+ fxe6 23. Nxe6+ Kf7 24. Qf4+ Nf5 25. exf5 Nxd5 26. fxg6+ Kxe6 27. Qf7+ Ke5
28. Re1+ Kd4 29. Rxe8 Rxe8 30. Qxe8 hxg6 31. Bxg6 Bb5 32. Rd1+ Kc5 33. Qe4 Bc6
34. Bf7 Qb7 35. Qd4+ Kb4 36. Bxd5 1-0

[Event "Druzynowe Mistrzostwa Polski Juniorow - II Liga"]
[Site "Iwonicz"]
[Date "2016-07-31"]
[Round "2.39"]
[White "Strugacz, Michal"]
[Black "Skurniak, Szymon"]
[Result "1/2-1/2"]
[WhiteTitle "III"]
[BlackTitle "I"]
[WhiteElo "1259"]
[BlackElo "1603"]

1. e4 c5 2. Nf3 e6 3. d4 cxd4 4. Nxd4 a6 5. Be3 Nf6 6. Bd3 Qc7 7. Nc3 Bb4 8. Nde2
d5 9. exd5 Nxd5 10. Qd2 Nxe3 11. Qxe3 Be7 12. Qg3 Qxg3 13. Nxg3 Nc6 14. O-O-O
O-O 15. Rhe1 Rd8 16. a3 Bd7 17. Na4 b5 18. Be4 Rab8 19. Nc3 b4 20. axb4 Bxb4 21.
Nge2 Ne5 22. h3 Nc4 23. Bd3 Bxc3 24. Nxc3 Nxb2 25. Rd2 a5 26. Bb5 Bxb5 27. Rxd8+
Rxd8 28. Nxb5 Nc4 29. Re4 Nb6 30. Nc3 Kf8 31. Re5 Nd5 32. Nxd5 Rxd5 33. Re4 Ke7
34. g4 Kd6 35. Kb2 Kc5 36. f4 h6 37. Ra4 Kb5 38. Re4 Kc5 39. Ra4 Rd4 40. Rxa5+
Kb6 41. Ra8 Rxf4 42. Rg8 g5 43. Rb8+ Kc5 44. Rc8+ Kd5 45. Rc3 Ke4 46. Rg3 e5 47.
c4 Kd4 48. Kb3 Kc5 49. Rc3 e4 50. Kc2 Rf3 51. Rxf3 exf3 52. Kd3 f2 53. Ke2 Kxc4
54. Kxf2 Kd4 55. Kf3 Kd3 56. Kf2 Ke4 57. Ke2 Kf4 58. Kf2 f6 59. Kg2 Ke3 60. Kg3
Ke4 61. Kf2 Kf4 62. Kg2 f5 63. gxf5 Kxf5 64. Kg3 h5 65. Kf3 Ke5 66. Ke3 Kd5 67.
Kd3 g4 68. hxg4 hxg4 69. Ke3 Ke5 70. Kf2 Kf4 71. Kg2 Kf5 72. Kg3 Kg5 73. Kg2 Kf4
74. Kf2 g3+ 75. Kg2 Kg4 76. Kg1 Kf4 77. Kg2 Kg4 78. Kg1 Kf3 79. Kf1 g2+ 80. Kg1
Kg3 1/2-1/2

[Event "Druzynowe Mistrzostwa Polski Juniorow - II Liga"]
[Site "Iwonicz"]
[Date "2016-07-31"]
[Round "2.40"]
[White "Ochedzan, Tymon"]
[Black "Binek, Dawid"]
[Result "1-0"]
[WhiteTitle "II+"]
[BlackTitle "II"]
[WhiteElo "1636"]
[BlackElo "1288"]

1. e4 e5 2. Nf3 Nc6 3. Bb5 Nd4 4. Nxd4 exd4 5. O-O c6 6. Bc4 Bc5 7. Qh5 Qe7 8.
Bxf7+ Kf8 9. Bxg8 Kxg8 10. d3 h6 11. f4 Kh7 12. f5 Qe8 13. Qh4 Be7 14. Qg3 Rf8
15. Bf4 d5 16. Nd2 dxe4 17. dxe4 Bc5 18. Kh1 Bb4 19. Rae1 g5 20. fxg6+ Qxg6 21.
Qh4 Bg4 22. a3 Bxd2 23. Bxd2 Be2 24. Qe7+ Kg8 25. Rf4 Rxf4 26. Bxf4 Re8 27. Qh4
Bh5 28. e5 Bg4 29. Qxh6 Qxh6 30. Bxh6 Bf5 31. Re2 Kf7 32. Bf4 Ke6 33. h3 Kd5 34.
g4 Rh8 35. gxf5 Rxh3+ 36. Kg2 Rh4 37. Bg3 1-0

[Event "Druzynowe Mistrzostwa Polski Juniorow - II Liga"]
[Site "Iwonicz"]
[Date "2016-07-31"]
[Round "2.41"]
[White "Knapik, Julia"]
[Black "Wawrzyniak, Weronika"]
[Result "1-0"]
[WhiteTitle "I+"]
[BlackTitle "I"]
[WhiteElo "1627"]
[BlackElo "1322"]

1. e4 e6 2. d4 d5 3. Nd2 Nc6 4. c3 e5 5. exd5 Qxd5 6. dxe5 Qxe5+ 7. Be2 Nf6 8.
Ngf3 Qd6 9. O-O Be7 10. Qc2 O-O 11. h3 Re8 12. Nc4 Qd8 13. Bf4 Be6 14. Rad1 Nd7
15. Rfe1 Qc8 16. Ne3 Bf6 17. Nd5 Bxd5 18. Rxd5 Nce5 19. Bxe5 Nxe5 20. Nxe5 Rxe5
21. Rxe5 Bxe5 22. Bg4 Qe8 23. Qe2 f6 24. f4 Bd4+ 25. cxd4 Qxe2 26. Rxe2 Kf8 27.
Bf3 Rd8 28. d5 b6 29. Rc2 Rd7 30. Kf2 f5 31. b4 Ke7 32. Rc3 g6 33. Ra3 Kd6 34.
Rxa7 Rd8 35. a4 h6 36. a5 bxa5 37. bxa5 g5 38. Ra6+ Kd7 39. Rxh6 gxf4 40. Rf6
Ra8 41. Rxf5 Rxa5 42. Rxf4 Ra2+ 43. Kg3 Ra3 44. h4 Ra8 45. h5 Rh8 46. Kh4 Kd6
47. g4 Ke5 48. Rf7 Kd6 49. g5 Ra8 50. h6 Ra4+ 51. Kh5 Ra2 52. h7 Rh2+ 53. Kg6
Rf2 54. h8=Q Rf1 55. Qf6+ Kc5 56. Rxc7+ Kb4 57. Qb6+ Ka4 58. Ra7# Ra1 1-0

[Event "Druzynowe Mistrzostwa Polski Juniorow - II Liga"]
[Site "Iwonicz"]
[Date "2016-07-31"]
[Round "2.42"]
[White "Barwinska, Ewa"]
[Black "Bienek, Magdalena"]
[Result "1-0"]
[WhiteTitle "II+"]
[BlackTitle "II"]
[WhiteElo "1239"]
[BlackElo "1071"]

1. e4 c5 2. Nf3 e6 3. d4 cxd4 4. Nxd4 Nc6 5. Nxc6 bxc6 6. c4 Nf6 7. Nc3 Bb4 8.
Bg5 h6 9. Bh4 g5 10. Bg3 Nxe4 11. Qd4 Nf6 12. c5 Bxc3+ 13. Qxc3 O-O 14. Be5 Nd5
15. Qc2 f5 16. O-O-O Qa5 17. a3 Bb7 18. Bd3 Nc7 19. g4 Ne8 20. gxf5 exf5 21. Bxf5
Rxf5 22. Qxf5 Qxc5+ 23. Kb1 Ng7 24. Qf6 1-0

[Event "Druzynowe Mistrzostwa Polski Juniorow - II Liga"]
[Site "Iwonicz"]
[Date "2016-07-31"]
[Round "2.43"]
[White "Sloniewski, Kacper"]
[Black "Fus, Jakub"]
[Result "0-1"]
[WhiteTitle "II"]
[BlackTitle "I++"]
[WhiteElo "1168"]
[BlackElo "2025"]

1. c4 Nf6 2. Nc3 c5 3. g3 d5 4. cxd5 Nxd5 5. Bg2 Nc7 6. d3 e5 7. Be3 Be7 8. Nf3
Nc6 9. Rc1 Rb8 10. Nd2 Bd7 11. Nd5 Ne6 12. Ne4 Ncd4 13. O-O Bc6 14. Nxe7 Qxe7
15. Bxd4 exd4 16. Qc2 Rc8 17. b3 O-O 18. f4 f5 19. Qc4 b5 20. Qc2 fxe4 21. dxe4
Bb7 22. Qd3 c4 23. bxc4 bxc4 24. Qc2 Qc5 25. Kh1 Kh8 26. Rfd1 Rfd8 27. f5 Ng5
28. h4 Nf7 29. Kh2 Ne5 30. Bh3 Rc6 31. e3 d3 32. Qc3 d2 33. Rxd2 Rxd2+ 34. Bg2
Rcd6 35. Rb1 Rxg2+ 36. Kxg2 Bxe4+ 37. Kh3 Bxb1 38. Qb2 Bxf5+ 39. Kh2 Rd2+ 40.
Qxd2 Nf3+ 0-1

[Event "Druzynowe Mistrzostwa Polski Juniorow - II Liga"]
[Site "Iwonicz"]
[Date "2016-07-31"]
[Round "2.44"]
[White "Rzeszowski, Dominik"]
[Black "Nowacka, Dorota"]
[Result "1-0"]
[WhiteTitle "I"]
[BlackTitle "I"]
[WhiteElo "1853"]
[BlackElo "1415"]

1. e4 e6 2. d4 d5 3. Nd2 c5 4. exd5 exd5 5. Ngf3 Nf6 6. Bb5+ Bd7 7. Bxd7+ Nbxd7
8. O-O Be7 9. c4 Nb6 10. dxc5 Bxc5 11. Re1+ Be7 12. Qe2 Rc8 13. b3 Rc7 14. Ba3
Nc8 15. Rad1 O-O 16. Bb2 Re8 17. Bxf6 gxf6 18. Ne4 Nd6 19. Rxd5 Rc6 20. c5 1-0

[Event "Druzynowe Mistrzostwa Polski Juniorow - II Liga"]
[Site "Iwonicz"]
[Date "2016-07-31"]
[Round "2.45"]
[White "Syrkiewicz, Michal"]
[Black "Czernek, Tymon"]
[Result "0-1"]
[WhiteTitle "II"]
[BlackTitle "I"]
[WhiteElo "1389"]
[BlackElo "1867"]

1. Nf3 d5 2. d4 Nc6 3. c4 Bg4 4. cxd5 Bxf3 5. dxc6 Bxc6 6. Nc3 Nf6 7. Bg5 e6 8.
e3 a6 9. f3 h6 10. Bxf6 gxf6 11. e4 Qe7 12. a3 f5 13. e5 O-O-O 14. Ne2 Qh4+ 15.
Kd2 f6 16. Qb3 Bd5 17. Qc3 fxe5 18. Rc1 c6 19. Kc2 exd4 20. Nxd4 Bg7 21. Rd1 Bxd4
22. Rxd4 Bb3+ 23. Qxb3 Qxd4 24. Qxe6+ Kb8 25. Qxf5 Qd1+ 26. Kc3 Rhe8 27. Qf4+
Ka8 28. Qxh6 Re1 29. Qg5 Rde8 30. Bxa6 Rxh1 31. Qg6 Re3+ 32. Bd3 Qc1+ 33. Kb3
Rd1 34. Qg5 Rexd3+ 0-1

[Event "Druzynowe Mistrzostwa Polski Juniorow - II Liga"]
[Site "Iwonicz"]
[Date "2016-07-31"]
[Round "2.46"]
[White "Baum, Jonasz"]
[Black "Sloniewska, Agata"]
[Result "1-0"]
[WhiteTitle "I"]
[BlackTitle "II"]
[WhiteElo "1826"]
[BlackElo "1028"]

1. e4 g6 2. d4 Bg7 3. Nf3 d6 4. Bc4 a6 5. O-O b5 6. Bd5 c6 7. Bb3 e6 8. Bg5 Ne7
9. Qd2 h6 10. Be3 Qc7 11. Rd1 Bb7 12. c4 Nd7 13. Nc3 b4 14. Na4 c5 15. dxc5 dxc5
16. Nxc5 Nxc5 17. Bxc5 Bxe4 18. Bxb4 Rd8 19. Ba4+ Bc6 20. Qxd8+ Qxd8 21. Rxd8+
Kxd8 22. Bxe7+ Kxe7 23. Bxc6 Bxb2 24. Rb1 Bc3 25. Rb3 Rd8 26. h3 Ba5 27. g3 Kf6
28. Bb7 g5 29. c5 h5 30. g4 hxg4 31. hxg4 Kg6 32. Kg2 Bc7 33. Bxa6 f5 34. gxf5+
exf5 35. Rb7 Bf4 36. Rb6+ Kh5 37. Rf6 Kg4 38. Be2 1-0

[Event "Druzynowe Mistrzostwa Polski Juniorow - II Liga"]
[Site "Iwonicz"]
[Date "2016-07-31"]
[Round "2.47"]
[White "Dabrowska, Aleksandra"]
[Black "Tkaczyk, Weronika"]
[Result "1-0"]
[WhiteTitle "I"]
[BlackTitle "I"]
[WhiteElo "1371"]
[BlackElo "1570"]

1. c4 e5 2. e4 Nf6 3. d3 Bc5 4. h3 c6 5. Nc3 d5 6. Bg5 Qb6 7. Qc2 dxc4 8. dxc4
Be6 9. Nf3 Nbd7 10. Na4 Bb4+ 11. Bd2 Bxd2+ 12. Nxd2 Qc7 13. Be2 c5 14. Nc3 Nb8
15. Nd5 Nxd5 16. cxd5 Bd7 17. b4 b6 18. Rc1 O-O 19. bxc5 bxc5 20. Qxc5 Qb6 21.
Qc3 Re8 22. Rb1 Qd6 23. Qg3 Na6 24. O-O Nc5 25. Rfe1 Ba4 26. Nc4 Qf6 27. Bd3 Nxd3
28. Qxd3 a6 29. Nb6 Bb5 30. Rxb5 axb5 31. Nxa8 Rxa8 32. Qxb5 h6 33. a4 Rc8 34.
a5 Rc2 35. Rf1 Qf4 36. Qd3 Rd2 37. Qc4 Rd4 38. Qc8+ Kh7 39. a6 Ra4 40. d6 Qxe4
41. d7 Rc4 42. d8=Q 1-0

[Event "Druzynowe Mistrzostwa Polski Juniorow - II Liga"]
[Site "Iwonicz"]
[Date "2016-07-31"]
[Round "2.49"]
[White "Koseski, Damian"]
[Black "Lizak, Jakub"]
[Result "1/2-1/2"]
[WhiteTitle "I"]
[BlackTitle "k"]
[WhiteElo "1762"]
[BlackElo "2131"]

1. d4 Nf6 2. c4 g6 3. Nc3 d5 4. cxd5 Nxd5 5. e4 Nxc3 6. bxc3 Bg7 7. Nf3 c5 8. Rb1
O-O 9. Be3 cxd4 10. cxd4 Qa5+ 11. Qd2 Nc6 12. Qxa5 Nxa5 13. Be2 b6 14. O-O Bb7
15. Nd2 f5 16. f3 f4 17. Bf2 Rfd8 18. Nc4 Nc6 19. d5 Nd4 20. Rfe1 Rdc8 21. Bf1
Ba6 22. Rbc1 Bxc4 23. Bxc4 b5 24. Bd3 Be5 25. Kf1 a6 26. Red1 Kf8 27. Rxc8+ Rxc8
28. Bxd4 Bxd4 29. Bxb5 Be3 30. Bxa6 Rc2 31. Be2 Rxa2 32. d6 exd6 33. Rxd6 Ra1+
34. Rd1 Rxd1+ 1/2-1/2

[Event "Druzynowe Mistrzostwa Polski Juniorow - II Liga"]
[Site "Iwonicz"]
[Date "2016-07-31"]
[Round "2.50"]
[White "Tustanowski, Mateusz"]
[Black "Laszczak, Przemyslaw"]
[Result "0-1"]
[WhiteTitle "I++"]
[BlackTitle "I+"]
[WhiteElo "1957"]
[BlackElo "1819"]

1. e4 c5 2. Nc3 Nc6 3. f4 d6 4. Nf3 g6 5. Bc4 Bg7 6. d3 e6 7. O-O Nge7 8. Qe1 O-O
9. a3 a6 10. Qh4 Nd4 11. Nxd4 Bxd4+ 12. Kh1 b5 13. Ba2 d5 14. f5 gxf5 15. Bh6
Re8 16. Bg5 dxe4 17. Nxe4 Ng6 18. Qh5 f6 19. Rxf5 fxg5 20. Rf7 Kxf7 21. Nxg5+
Qxg5 22. Qxg5 Bxb2 23. Rf1+ Kg7 24. Qxc5 Bb7 25. Qb6 Re7 26. a4 Rb8 27. Kg1 Be5
28. Qe3 Rd8 29. Kh1 bxa4 30. h4 Rd4 31. Kg1 Rxh4 32. Qg5 Bd4+ 33. Rf2 Rf7 0-1